01537cam a22003735a 4500999001700000001000900017003000900026005001700035008004100052020002200093020001800115040003800133082001900171240003000190245030600220250002000526264005400546264001000600300002900610336002600639337002800665338002700693490002800720500004700748504004100795600005300836650004300889651001000932653002400942655002400966700002800990942001201018952013301030 c27301d2727212113461EG-ScBUE20210308105243.0000720t2001 nyu f b 000 0 eng d a0393976386 (pbk.) a9780393976380 aDLCbengerdacDLCdDLCdEG-ScBUE04a822.3bBEN22210aWorks.kSelections.f200100aBen Jonson's plays and masques :bauthoritative texts of Volpone, Epicoene, The alchemist, The masque of blackness, Mercury vindicated from the alchemists at court, Pleasure reconciled to virtue : contexts, backgrounds and sources, criticism /cedited by Richard Harp, University of Nevada, Las Vegas. aSecond edition. aNew York ;aLondon :bNorton and Company,c[2001] 4cc2001 axix, 513 pages ;c22 cm. 2rdacontentatextbtxt 2rdamediaaunmediatedbn 2rdacarrieravolumebnc0 aNorton critical edition a"First edition edited by Robert M. Adams." aIncludes bibliographical references.17aJonson, Ben,d1573?-1637xDramatic works.2BUEsh 7aMasquesxHistory and criticism.2BUEsh 2BUEsh bHHUUEENNcMarch2019 vReading book9342321 aHarp, Richard,eeditor. 2ddccBB 00102ddc40708BaccahaMAINbMAINc1STd2019-03-25ePurchaseg450.00l0o822.3 BENp000044476r2025-07-15 00:00:00v562.50yBB